| 000 | 00788nam a2200193 a 4500 | ||
|---|---|---|---|
| 003 | 0 | ||
| 005 | 20250619091345.0 | ||
| 008 | 021126s19uu xx 00 eng d | ||
| 050 |
_aPHS ML 3920 _b.Ig36 2000 |
||
| 100 | _aIgnacio, Mary Iris. | ||
| 245 |
_aA Comparative study on the different therapeutic benefits that male and female faculty members of Southville International School derive from listening to music / _cMary Iris Ignacio. |
||
| 260 |
_aLas PiƱas City, Philippines : _bSouthville International School and Colleges, _c2000. |
||
| 300 |
_a37 pages : _billustrations ; _c28 cm. |
||
| 504 | _aIncludes bibliographical references. | ||
| 650 |
_aMusic therapy _zPhilippines. |
||
| 650 |
_aMusic _xTherapeutic use. |
||
| 650 | _aSex differences (Psychology). | ||
| 942 |
_2lcc _cPASS |
||
| 999 |
_c96382 _d96382 |
||